|
|
|
|
| LEADER |
01040nam a2200289 i 4500 |
| 001 |
30754 |
| 003 |
BD-DhAAL |
| 005 |
20151220174619.0 |
| 008 |
151215s1976 caua b 001 0 eng |
| 010 |
|
|
|a 75019305
|
| 020 |
|
|
|a 0716704641
|a 0716704633 pbk.
|
| 040 |
|
|
|a DLC
|c DLC
|d DLC
|d BD-DhAAL
|
| 050 |
0 |
0 |
|a QA76
|b .W44
|
| 082 |
0 |
0 |
|a 001.64
|
| 100 |
1 |
|
|a Weizenbaum, Joseph.
|9 15588
|
| 245 |
1 |
0 |
|a Computer power and human reason :
|b from judgment to calculation /
|c Joseph Weizenbaum.
|
| 260 |
|
|
|a San Francisco :
|b W. H. Freeman,
|c c1976.
|
| 300 |
|
|
|a xii, 300 p. :
|b ill. ;
|c 24 cm.
|
| 504 |
|
|
|a Includes bibliographical references and index.
|
| 526 |
|
|
|a CSE
|
| 541 |
|
|
|e 30754
|
| 650 |
|
0 |
|a Computers.
|9 15589
|
| 650 |
|
0 |
|a Computers and civilization.
|9 10079
|
| 650 |
|
0 |
|a Computer programming.
|9 15590
|
| 942 |
|
|
|2 ddc
|c BK
|
| 999 |
|
|
|c 35852
|d 35852
|
| 952 |
|
|
|0 0
|1 0
|2 ddc
|4 0
|6 001_640000000000000_WEI
|7 0
|9 57265
|a BRACUL
|b BRACUL
|c GEN
|d 2015-12-15
|e Trim Education
|g 9775.00
|l 1
|m 1
|o 001.64 WEI
|p 3010030754
|r 2016-07-11
|s 2016-06-29
|t 1
|w 2015-12-15
|y BK
|